| 000 | 01158nam a2200289 a 4500 | ||
|---|---|---|---|
| 999 |
_c389244 _d389244 |
||
| 003 | BLK | ||
| 005 | 20230610160943.0 | ||
| 008 | 200929b bu ||||| |||| 00| 0 bu d | ||
| 020 | _a9786197134896 | ||
| 040 | _aBLK | ||
| 041 |
_aBUL _cBUL |
||
| 080 |
_aИздания за деца и юноши. Книжки-картинки. Читанки. Вж и 372.4 _b087.5 _z087.5 |
||
| 100 |
_aБарсоти, Елеонора _eпърви автор _91299 |
||
| 139 |
_aБарсоти, Елеонора _bБ 26 |
||
| 245 |
_aСветът около мен на български и немски език _cЕлеонора Барсоти ; прев. Емилия Драганова |
||
| 260 |
_9213788 _aПловдив _bКоала прес _c2019 _n978-619-7134- ; 978-954-9455- |
||
| 300 |
_a24 с. _bс цв. ил. _c31 см |
||
| 380 | _aDX | ||
| 501 | _aПрев. по.: The world around us. | ||
| 700 |
_9370749 _aДраганова, Емилия Владимирова _eпрев. |
||
| 852 |
_bЦб _aЦб ІІ 23690 |
||
| 942 |
_cKNG _n0 _s1 _08 |
||
| 944 |
_aCR _c2021-11-05 _kВ. Т. |
||
| 999 | _d389244 | ||
| 999 | _d389244 | ||
| 999 | _d389244 | ||